Compendium of South African environmental legislation / (Record no. 1031)
[ view plain ]
| 000 -LEADER | |
|---|---|
| fixed length control field | 01218nam a2200337 a 4500 |
| 001 - CONTROL NUMBER | |
| control field | ocm76879726 |
| 003 - CONTROL NUMBER IDENTIFIER | |
| control field | OCoLC |
| 005 - DATE AND TIME OF LATEST TRANSACTION | |
| control field | 20100827054243.0 |
| 008 - FIXED-LENGTH DATA ELEMENTS--GENERAL INFORMATION | |
| fixed length control field | 070412s2006 sa l 000 0 eng |
| 010 ## - LIBRARY OF CONGRESS CONTROL NUMBER | |
| LC control number | 2007325434 |
| 040 ## - CATALOGING SOURCE | |
| Original cataloging agency | DLC |
| Transcribing agency | DLC |
| Modifying agency | OI@ |
| -- | BTCTA |
| 020 ## - INTERNATIONAL STANDARD BOOK NUMBER | |
| International Standard Book Number | 0958509727 |
| 020 ## - INTERNATIONAL STANDARD BOOK NUMBER | |
| International Standard Book Number | 9780958509725 |
| 029 1# - (OCLC) | |
| OCLC library identifier | AU@ |
| System control number | 000041716429 |
| 035 ## - SYSTEM CONTROL NUMBER | |
| System control number | (OCoLC)76879726 |
| 043 ## - GEOGRAPHIC AREA CODE | |
| Geographic area code | f-sa--- |
| 050 00 - LIBRARY OF CONGRESS CALL NUMBER | |
| Classification number | KTL3127 |
| Item number | .A28 2006 |
| 082 04 - DEWEY DECIMAL CLASSIFICATION NUMBER | |
| Classification number | 344.68046 |
| Edition number | 22 |
| 049 ## - LOCAL HOLDINGS (OCLC) | |
| Holding library | SZTA |
| 245 00 - TITLE STATEMENT | |
| Title | Compendium of South African environmental legislation / |
| Statement of responsibility, etc | edited by Morné van der Linde. |
| 260 ## - PUBLICATION, DISTRIBUTION, ETC. (IMPRINT) | |
| Place of publication, distribution, etc | [Pretoria] : |
| Name of publisher, distributor, etc | Pretoria University Law Press, |
| Date of publication, distribution, etc | 2006. |
| 300 ## - PHYSICAL DESCRIPTION | |
| Extent | v, 565 p. ; |
| Dimensions | 25 cm. |
| 650 #0 - SUBJECT ADDED ENTRY--TOPICAL TERM | |
| Topical term or geographic name as entry element | Environmental law |
| Geographic subdivision | South Africa. |
| 650 #0 - SUBJECT ADDED ENTRY--TOPICAL TERM | |
| Topical term or geographic name as entry element | Conservation of natural resources |
| General subdivision | Law and legislation |
| Geographic subdivision | South Africa. |
| 650 #0 - SUBJECT ADDED ENTRY--TOPICAL TERM | |
| Topical term or geographic name as entry element | Pollution |
| General subdivision | Law and legislation |
| Geographic subdivision | South Africa. |
| 700 1# - ADDED ENTRY--PERSONAL NAME | |
| Personal name | Van der Linde, Morné. |
| 938 ## - | |
| -- | Baker and Taylor |
| -- | BTCP |
| -- | 2007325434 |
| 994 ## - | |
| -- | C0 |
| -- | SZT |
| Home library | Current library | Shelving location | Date acquired | Full call number | Barcode | Koha item type |
|---|---|---|---|---|---|---|
| African Court on Human and Peoples' Rights Library | African Court on Human and Peoples' Rights Library | 31/08/2010 | KTL3127.A28 | 10007679 | Books | |
| African Court on Human and Peoples' Rights Library | African Court on Human and Peoples' Rights Library | 31/08/2010 | KTL3127.A28 | 10007636 | Books |
